000 00896nam a2200277 i 4500
001 106374
003 ES-MaACL
005 20250903014138.0
007 t|
008 061103s1977 gw ||||1| ger d
020 _a3-487-00623-5
080 _a164
080 _a510.2
100 1 _aFrege, Gottlob.
_952439
245 1 0 _aBegriffsschrift und andere Aufsèatze /
_cGottlob Frege ; herausgegeben von Ignacio Angelelli.
250 _a2. aufl.
260 _aHildesheim :
_bGeorg Olms,
_c1977.
300 _aXVI, 124 p. ;
_c22 cm.
500 _aReprod. facs. de la ed. de: Halle : Verlag von Louis Nebert, 1879.
500 _aBiblioteca Jacinto Martínez Lacalle.
650 7 _aLógica matemática
_2embne
_914697
650 1 4 _aMatemáticas-
_xFilosofía
_914825
700 1 _aAngelelli, Ignacio.
_921712
852 _aES-MaACL
_jE-11366
_bR.139069
999 _c106374
_d106374